Analýza programového vybavenia pre výpočet trajektórií častíc v elektrostatických sústavách

Guardado en:
Detalles Bibliográficos
Autor principal: Kaličiak, Štefan (Autor)
Otros Autores: Pavlovič, Márius, 1963- (Orientador)
Formato: Manuscrito Libro
Lenguaje:eslovaco
Publicado: Bratislava : STU v Bratislave FEI, 2001
Materias:
Etiquetas: Agregar Etiqueta
Sin Etiquetas, Sea el primero en etiquetar este registro!

MARC

LEADER 00000ntm a22000003a 4500
001 stu73317
005 20160719164813.0
008 020124s2001------------------------slo-d
040 |a STU  |b slo 
041 0 |a slo 
100 1 |a Kaličiak, Štefan  |4 aut 
245 1 |a Analýza programového vybavenia pre výpočet trajektórií častíc v elektrostatických sústavách 
260 |a Bratislava :  |b STU v Bratislave FEI,  |c 2001 
300 |a 44 s 
650 7 |a elektromateriálové inžinierstvo  |2 stusub 
700 1 |a Pavlovič, Márius,  |d 1963-  |4 ths  |u E060  |U FEI Fakulta elektrotechniky a informatiky  |T FEI Ústav jadrového a fyzikálneho inžinierstva  |X 1842  |U E060  |Y 817  |7 A000001842